Normal view
MARC view
- ENEA
Entry Personal Name
001 - CONTROL NUMBER
- control field: 67941
003 - CONTROL NUMBER IDENTIFIER
- control field: NUST
005 - DATE AND TIME OF LATEST TRANSACTION
- control field: 20210628203937.0
008 - FIXED-LENGTH DATA ELEMENTS
- fixed length control field: 210628|| aca||aabn | a|a d
040 ## - CATALOGING SOURCE
- Original cataloging agency: NUST
- Transcribing agency: NUST
100 ## - HEADING--PERSONAL NAME
- Personal name: ENEA
670 ## - SOURCE DATA FOUND
- Source citation: Work cat.: (NUST): ENEA, PROCEDING OF THE WORKSHOP ON INTERACTION BETWEEN PHYSICS AND ARCHITECTURE IN ENVIRONMENT CONSCIOUSE DESIGN , INTERNATIONAL CENTRE FOR THEORATICAL PHYSICS TRIESTE 25-29 SEPTEMBER 1989, 1989
